00461nam a2200169Ia 450000500170000000800410001704000190005804100120007708200130008924500620010226000420016430000140020650400190022065000190023965100230025885000100028120240715105941.0131103s9999 xx 000 0 und d aLoreto College aEnglish a821bBAR aPanoramab a selection of pomes cEdited by Barrow A.E.T. aDelhiibOxford university pressc1982 axi,162p.  aIncludes indes aEnglish poetry aEnglish literature aLCBED